| 000 | 00655nam a2200229Ia 4500 | ||
|---|---|---|---|
| 008 | 160114s9999 xx 000 0 und d | ||
| 020 | _a1597070025 | ||
| 050 | _aFic . | ||
| 050 | _bK26C 2005 | ||
| 100 | _aKeene, Carolyn. | ||
| 245 |
_aWrit in stone / _cCarolyn Keene. |
||
| 260 |
_aChina : _bAladdin Paperpacks _c2005 |
||
| 300 |
_bchiefly color illustrations ; _c20 cm. |
||
| 440 | _aNacy Drew | ||
| 440 | _vvol. 2 | ||
| 650 | _a Drew, Nancy (Fictitious character) -- | ||
| 650 | _aDrew, Nancy (Fictitious character) -- | ||
| 650 | _aFriendship -- | ||
| 650 | _x Fiction. | ||
| 650 | _xJuvenile fiction. | ||
| 650 | _xJuvenile fiction. | ||
| 999 |
_c290334 _d290334 |
||